| 000 | 00513nam a2200181Ia 4500 | ||
|---|---|---|---|
| 999 |
_c13692 _d13692 |
||
| 003 | OSt | ||
| 005 | 20201028113706.0 | ||
| 008 | 190216s9999||||xx |||||||||||||| ||und|| | ||
| 020 | _a0195630122 | ||
| 040 | _coclc | ||
| 082 |
_a821 _bEZE/C |
||
| 100 |
_aEzekiel, Nissim _96140 |
||
| 245 | 0 |
_aCollected Poems 1952-1988 / _cNissim Ezekiel |
|
| 260 |
_bOxford University Press, _c1992. _aNew Delhi: |
||
| 300 | _a295p | ||
| 650 | _aEnglish Poetry | ||
| 942 |
_cBK _2ddc _h821 _iEZE/C _k821 _mEZE/C |
||